000 00797nam a22002177a 4500
003 SEM
005 20240627164646.0
008 240417m1991 ru ||||gr||||||01 1|rus|d
020 _a5-362-00818-8
040 _aSEM
_cSEM
041 _arus
082 _a228/Б-90
100 _a Булгаков , Сергий
_d(1871-1944)
_cПрот.
245 _aАпокалипсис Иоанна ։
_b(Опыт догматического истолкования) /
_cС. прот. Булгаков ; Отв. за выпуск : Н. Антонова
260 _aМосква :
_b,,Отрада и утешение'',
_c1991.
300 _a351 с. ;
_c22 см
650 _aАпокалипсис
653 _aՍԷՄ
700 _aАнтонова, Н.
_eотв. за выпуск
942 _2ddc
_cBK
999 _c62977
_d62977